La hora veinticinco

Furkejuvvon:
Bibliográfalaš dieđut
Váldodahkki: Gheorghiu, Constantin Virgil (Dahkki)
Materiálatiipa: Girji
Giella:espánnjágiella
Almmustuhtton: Buenos Aires Emecé Editores S. A 1950
Ráidu:Grandes Novelistas
Fáttát:
Fáddágilkorat: Lasit fáddágilkoriid
Eai fáddágilkorat, Lasit vuosttaš fáddágilkora!

MARC

LEADER 00000cam a2200000 a 4500
001 UCF8345
003 CL-VaPUC
008 130829e19500000ag |||||||||||||||||spa|d
082 0 4 |a 859.32  |b GHE  |2 21 
100 |a Gheorghiu, Constantin Virgil  |e author  |9 570416 
245 1 3 |a La hora veinticinco 
300 |a 415 p 
942 |c BK 
945 |d 20130829 16:45:00  |a dcastane 
260 |a Buenos Aires  |b Emecé Editores S. A  |c 1950 
650 0 |a Literatura rumana   |9 419058 
650 0 |a Novelas rumanas  |9 311526 
583 |a last modification  |c 20130829 16:45:00  |k Rodrigo Vera 
490 0 |a Grandes Novelistas 
999 |c 352919  |d 352917 
952 |0 0  |1 0  |3 erb  |4 0  |6 859_320000000000000_GHE_1950  |7 0  |8 A  |9 457714  |a BIBEDU  |b BIBEDU  |d 2019-11-23  |i 4997263  |l 1  |o 859.32 GHE 1950  |p 4997263  |r 2024-04-15  |s 2024-04-11  |w 2019-11-23  |y BK  |z Catalogado en:20130829  |k LIT